=LDR 00000nam 2200000 4500 =001 INLIS000000000013736 =005 20130612105100 =008 ***********************************Ind** =035 ##$$0010-061300000013736 =041 ##$$a Ind =082 ##$$a 2x5.2 =090 ##$$a 2x5.2, Wit t =100 ##$$a Witteveen, H.J =245 ##$$a Tasawuf in action, Spiritualisasi diri di dunia yang tak lagi ramah, DR.H.J. Witteveen =260 ##$$a 2000 $b Jakarta =300 ##$$a 294 hlm, 21 cm =650 ##$$a Tasawuf =850 ##$$a NBPNMAT